000 00665nam a2200229Ia 4500
003 OSt
005 20220927105719.0
006 a|||||r|||| 00| 0
007 ta
008 220926b |||||||| |||| 00| 0 eng d
024 _a203947
037 _cReference Collections
040 _aRTL
_cRTL
_beng
041 _2eng
_aeng
082 _a"Y:5.2sN81, M1.1"
100 _aCENSUS OF INDIA 1981
_9374333
245 0 _aPopulation projection for india 1981-2001
_b India
260 _aIndia
_bGovt. press
_c1981
490 _vPaper 1 of 1984
942 _h"Y:5.2sN81, M1.1"
_cCC
999 _c694038
_d694038